| 000 | 00959nam a2200265 a 4500 | ||
|---|---|---|---|
| 001 | 78905 | ||
| 003 | BD-RjUL | ||
| 005 | 20211209083204.0 | ||
| 008 | 211128s2020 bg ||||| |||| 00| 0 ben d | ||
| 020 |
_a9789840425228 _c: Tk. 1000.00 |
||
| 035 | _a(BD-RjUL)79132 | ||
| 040 |
_aBD-RjUL _beng _cBD-RjUL |
||
| 041 | _aben | ||
| 082 |
_223 _a306.4495492 _bALA 2020 |
||
| 245 | 1 | 0 |
_aআওয়ামী লীগ ও ভাষা আন্দোলন / _cএম. আবদুল আলীম |
| 260 |
_aঢাকা : _bআগামী প্রকাশনী, _c২০২০ |
||
| 300 |
_a৪১৩ পৃ.; _c২২ সেমি. |
||
| 650 |
_aবাংলা ভাষা আন্দোলন _9250675 |
||
| 650 |
_aBengali language movement _9250676 |
||
| 650 |
_aআওয়ামী লীগ _9250677 |
||
| 650 |
_aAwami League. _9250678 |
||
| 650 |
_aভাষা নীতি _9250679 |
||
| 650 |
_aLanguage policy _9250680 |
||
| 942 |
_2ddc _cBK |
||
| 999 |
_c78905 _d78905 |
||